[Event "Blankenese op 3rd"]
[Site "Hamburg"]
[Date "2019.10.06"]
[Round "7"]
[White "Kronenthal, Linda"]
[Black "Mago, Helmut"]
[Result "1/2-1/2"]
[WhiteElo "1363"]
[BlackElo "1029"]
[PlyCount "50"]
[EventDate "2019.10.03"]
[EventType "swiss"]
[EventRounds "7"]
[EventCountry "GER"]
[SourceTitle "EXT 2023"]
[Source "ChessBase"]
[SourceDate "2022.10.05"]
[SourceVersion "1"]
[SourceVersionDate "2022.10.05"]
[SourceQuality "1"]

1. d4 d5 2. c4 e6 3. Nf3 c5 4. cxd5 exd5 5. Bg5 Qa5+ 6. Nc3 Be7 7. Bxe7 Nxe7 8. e3 c4 9. Be2 Nbc6 10. 0-0 0-0 11. b3 Qxc3 12. Rc1 Qa5 13. bxc4 Rd8 14. cxd5 Nxd5 15. Bc4 Nf6 16. Qc2 Bf5 17. Qb3 Qc7 18. Rfe1 Be4 19. Ng5 Bd5 20. Bxd5 Rxd5 21. e4 Rxg5 22. d5 Nxd5 23. exd5 Re5 24. dxc6 Rxe1+ 25. Rxe1 Qxc6 1/2-1/2

[Event "SVE Seniors op 2nd"]
[Site "Eidelstedt"]
[Date "2019.07.17"]
[Round "2"]
[White "Meyer, Winfried"]
[Black "Kronenthal, Linda"]
[Result "0-1"]
[WhiteElo "1656"]
[BlackElo "1514"]
[PlyCount "82"]
[EventDate "2019.07.15"]
[EventType "swiss"]
[EventRounds "7"]
[EventCountry "GER"]
[SourceTitle "EXT 2020"]
[Source "ChessBase"]
[SourceDate "2019.10.17"]
[SourceVersion "1"]
[SourceVersionDate "2019.10.17"]
[SourceQuality "1"]

1. e4 c5 2. Nf3 Nc6 3. c3 d6 4. d4 cxd4 5. cxd4 Nf6 6. Nc3 a6 7. h3 g6 8. Bd3 Bg7 9. 0-0 0-0 10. Be3 b5 11. Rc1 Bb7 12. Re1 Rc8 13. Qd2 Re8 14. d5 Nb8 15. a4 b4 16. Ne2 a5 17. Ng3 Ba6 18. Rxc8 Qxc8 19. Bb6 Nfd7 20. Bxa5 Bxd3 21. Qxd3 Nc5 22. Qd2 b3 23. Nd4 Qa6 24. Bc3 Qxa4 25. Qd1 Qc4 26. Qe2 Qxe2 27. Rxe2 Nbd7 28. Nf1 Ra8 29. Nd2 Ra1+ 30. Kh2 Bxd4 31. Bxd4 Nb6 32. Bxc5 dxc5 33. Nxb3 c4 34. Nd4 Ra2 35. Nc6 c3 36. Re1 cxb2 37. Rb1 Na4 38. Nxe7+ Kf8 39. Nc6 Ra1 40. d6 Rxb1 41. d7 Rd1 0-1

[Event "Pinneberg-ch"]
[Site "Pinneberg"]
[Date "2018.09.27"]
[Round "7"]
[White "Kaland, Joachim"]
[Black "Kronenthal, Linda"]
[Result "1-0"]
[WhiteElo "1448"]
[BlackElo "1333"]
[PlyCount "51"]
[EventDate "2018.08.16"]
[EventType "swiss"]
[EventRounds "7"]
[EventCountry "GER"]
[SourceTitle "EXT 2019"]
[Source "ChessBase"]
[SourceDate "2018.10.10"]
[SourceVersion "1"]
[SourceVersionDate "2018.10.10"]
[SourceQuality "1"]

1. e4 c5 2. Nc3 Nc6 3. f4 d6 4. Nf3 Bg4 5. Bb5 a6 6. Bxc6+ bxc6 7. 0-0 Nf6 8. d3 g6 9. Qe1 Bg7 10. Bd2 0-0 11. Qf2 Rb8 12. Rab1 Ne8 13. b3 Nc7 14. h3 Bxf3 15. Qxf3 Nb5 16. Nxb5 cxb5 17. Qg3 b4 18. f5 Qc7 19. Bf4 Rbe8 20. h4 h5 21. fxg6 fxg6 22. Qxg6 e5 23. Bh6 Qe7 24. Qxh5 Bxh6 25. Qxh6 Rf4 26. Rxf4 1-0

[Event "Pinneberg-ch"]
[Site "Pinneberg"]
[Date "2018.08.23"]
[Round "2"]
[White "Kronenthal, Linda"]
[Black "Pill, Bernhard"]
[Result "0-1"]
[WhiteElo "1333"]
[BlackElo "2016"]
[PlyCount "44"]
[EventDate "2018.08.16"]
[EventType "swiss"]
[EventRounds "7"]
[EventCountry "GER"]
[SourceTitle "EXT 2019"]
[Source "ChessBase"]
[SourceDate "2018.10.10"]
[SourceVersion "1"]
[SourceVersionDate "2018.10.10"]
[SourceQuality "1"]

1. d4 Nf6 2. c4 e6 3. Nf3 b6 4. e3 Bb7 5. Be2 Be7 6. Nc3 0-0 7. 0-0 d5 8. cxd5 exd5 9. a3 c5 10. Bd2 Nbd7 11. Rc1 Bd6 12. Nb5 Bb8 13. Nc3 Re8 14. Na4 c4 15. Nc3 a6 16. b3 b5 17. bxc4 bxc4 18. Rb1 Qc7 19. g3 Bc6 20. a4 h6 21. a5 Qxa5 22. Na4 Qxa4 0-1

[Event "Pinneberg-ch"]
[Site "Pinneberg"]
[Date "2017.09.07"]
[Round "1"]
[White "Kronenthal, Linda"]
[Black "Baldauf, Uwe"]
[Result "0-1"]
[WhiteElo "1310"]
[BlackElo "1700"]
[PlyCount "58"]
[EventDate "2017.09.07"]
[EventType "swiss"]
[EventRounds "7"]
[EventCountry "GER"]
[SourceTitle "EXT 2019"]
[Source "ChessBase"]
[SourceDate "2018.10.10"]
[SourceVersion "1"]
[SourceVersionDate "2018.10.10"]
[SourceQuality "1"]

1. d4 Nf6 2. c4 g6 3. Nf3 Bg7 4. Bg5 d6 5. e3 0-0 6. Nc3 h6 7. Bh4 Nbd7 8. h3 c5 9. d5 Qa5 10. Bd3 e5 11. 0-0 Nh7 12. Nd2 f5 13. Nb3 Qb4 14. e4 f4 15. Be7 Re8 16. a3 Qb6 17. Bh4 g5 18. Bxg5 Nxg5 19. Qh5 Nf6 20. Qe2 a6 21. Qc2 Kh7 22. Nd2 Rg8 23. Rab1 a5 24. Na2 Nxh3+ 25. gxh3 Bxh3 26. Kh2 Bxf1 27. Rxf1 Bh8 28. Be2 Qd8 29. Qd1 Nh5 0-1

[Event "Pinneberg-ch"]
[Site "Pinneberg"]
[Date "2016.10.13"]
[Round "7"]
[White "Kaland, Joachim"]
[Black "Kronenthal, Linda"]
[Result "1-0"]
[WhiteElo "1498"]
[BlackElo "1259"]
[PlyCount "63"]
[EventDate "2016.09.01"]
[EventType "swiss"]
[EventRounds "7"]
[EventCountry "GER"]
[SourceTitle "EXT 2018"]
[Source "ChessBase"]
[SourceDate "2017.10.13"]
[SourceVersion "1"]
[SourceVersionDate "2017.10.13"]
[SourceQuality "1"]

1. e4 c5 2. f4 Nc6 3. Nf3 g6 4. Bc4 Na5 5. Be2 Nc6 6. 0-0 d6 7. Nc3 Bg7 8. d3 Nf6 9. b3 0-0 10. Bb2 a6 11. Qe1 Qc7 12. h3 b5 13. Nd1 Bb7 14. c3 Nh5 15. Ng5 Nf6 16. Rc1 h6 17. Nf3 Nh5 18. Nh2 Nf6 19. Ne3 Qb6 20. Bf3 e6 21. Qd2 b4 22. Nc4 Qd8 23. cxb4 Nxb4 24. a3 Nc6 25. e5 dxe5 26. Nxe5 Nd5 27. Nxc6 Bxc6 28. Bxg7 Kxg7 29. Rxc5 Qd6 30. Rfc1 Rac8 31. Bxd5 exd5 32. Qc3+ 1-0

[Event "Pinneberg-ch"]
[Site "Pinneberg"]
[Date "2016.09.01"]
[Round "1"]
[White "Dangelowski, Peter"]
[Black "Kronenthal, Linda"]
[Result "1-0"]
[WhiteElo "1698"]
[BlackElo "1259"]
[PlyCount "45"]
[EventDate "2016.09.01"]
[EventType "swiss"]
[EventRounds "7"]
[EventCountry "GER"]
[SourceTitle "EXT 2018"]
[Source "ChessBase"]
[SourceDate "2017.10.13"]
[SourceVersion "1"]
[SourceVersionDate "2017.10.13"]
[SourceQuality "1"]

1. d4 d5 2. Bf4 Nf6 3. e3 Bg4 4. Nf3 Nbd7 5. Nbd2 Nh5 6. Bg5 Nhf6 7. h3 Bh5 8. Bf4 e6 9. Bd3 c5 10. c3 cxd4 11. exd4 Be7 12. 0-0 Bxf3 13. Qxf3 0-0 14. Rfe1 a6 15. Qe2 b5 16. a3 Nb6 17. g4 Nc4 18. Nf3 Nxb2 19. Qxb2 Rc8 20. a4 Bd6 21. Bd2 bxa4 22. Rxa4 Rb8 23. Qa2 1-0

[Event "Pinneberg-ch"]
[Site "Pinneberg"]
[Date "2015.09.24"]
[Round "5"]
[White "Krueger, Dietrich"]
[Black "Kronenthal, Linda"]
[Result "0-1"]
[WhiteElo "935"]
[BlackElo "1285"]
[PlyCount "62"]
[EventDate "2015.08.28"]
[EventType "swiss"]
[EventRounds "7"]
[EventCountry "GER"]
[SourceTitle "EXT 2017"]
[Source "ChessBase"]
[SourceDate "2016.10.25"]
[SourceVersion "1"]
[SourceVersionDate "2016.10.25"]
[SourceQuality "1"]

1. d4 d5 2. Bg5 Bg4 3. f3 Bf5 4. Nd2 h6 5. Bh4 g5 6. Bg3 Nf6 7. Be5 Bg7 8. g4 Bh7 9. h4 Nbd7 10. e4 Nxe5 11. dxe5 Nd7 12. exd5 Nxe5 13. Bb5+ c6 14. Ba4 Qa5 15. c4 0-0-0 16. Qb3 Nd3+ 17. Kf1 Qxd2 18. Ne2 Nc5 19. Qa3 Nxa4 20. Qxa4 Qxb2 21. Re1 Qb6 22. f4 gxh4 23. Rxh4 Rd6 24. f5 cxd5 25. Nf4 e6 26. cxd5 exf5 27. Re7 Bf6 28. Re8+ Rxe8 29. Qxe8+ Rd8 30. Qxf7 Bxh4 31. Qxh7 Qf2# 0-1

[Event "Pinneberg-ch"]
[Site "Pinneberg"]
[Date "2015.08.28"]
[Round "1"]
[White "Kronenthal, Linda"]
[Black "Dangelowski, Peter"]
[Result "0-1"]
[WhiteElo "1285"]
[BlackElo "1703"]
[PlyCount "88"]
[EventDate "2015.08.28"]
[EventType "swiss"]
[EventRounds "7"]
[EventCountry "GER"]
[SourceTitle "EXT 2017"]
[Source "ChessBase"]
[SourceDate "2016.10.25"]
[SourceVersion "1"]
[SourceVersionDate "2016.10.25"]
[SourceQuality "1"]

1. d4 d5 2. c4 e6 3. Nf3 Nf6 4. Bg5 Nbd7 5. cxd5 exd5 6. Nc3 c6 7. e3 Be7 8. Be2 h6 9. Bh4 0-0 10. h3 Ne4 11. Bxe7 Qxe7 12. 0-0 f5 13. Nd2 Ndf6 14. Nf3 Nd7 15. Rc1 Kh8 16. a3 Ng5 17. b4 a6 18. Na4 Nxf3+ 19. Bxf3 a5 20. Nc5 f4 21. exf4 Nxc5 22. bxc5 Rxf4 23. Re1 Qf7 24. Re5 Bxh3 25. Bh5 g6 26. gxh3 gxh5 27. Qxh5 Qxh5 28. Rxh5 Rxd4 29. Rxh6+ Kg7 30. Re6 Rf8 31. Rce1 Rc4 32. Rb1 Rf7 33. Rb3 Rxc5 34. h4 d4 35. Re4 Rd5 36. Rd3 c5 37. Rg3+ Kf8 38. Reg4 Rdf5 39. Rg2 Rf4 40. R4g3 c4 41. h5 d3 42. Kf1 d2 43. Ke2 Rxf2+ 44. Rxf2 Rxf2+ 0-1

[Event "Pinneberg op Seniors 16th"]
[Site "Pinneberg"]
[Date "2015.07.16"]
[Round "3"]
[White "Riedel, Siegfried"]
[Black "Kronenthal, Linda"]
[Result "0-1"]
[WhiteElo "1495"]
[BlackElo "1252"]
[PlyCount "64"]
[EventDate "2015.07.02"]
[EventType "swiss"]
[EventRounds "7"]
[EventCountry "GER"]
[SourceTitle "EXT 2017"]
[Source "ChessBase"]
[SourceDate "2016.10.25"]
[SourceVersion "1"]
[SourceVersionDate "2016.10.25"]
[SourceQuality "1"]

1. e4 c5 2. Nc3 Nc6 3. d3 Nf6 4. g3 g6 5. Bg2 Bg7 6. f4 d6 7. Nf3 0-0 8. 0-0 a6 9. h3 Qc7 10. g4 Rb8 11. f5 b5 12. Ne2 Bb7 13. Ng3 Rbd8 14. g5 Nd7 15. c3 Nb6 16. Nh4 d5 17. Bf4 Be5 18. Qd2 Bxf4 19. Rxf4 Ne5 20. Raf1 dxe4 21. d4 Nd3 22. Rg4 Nc4 23. Qe2 cxd4 24. Nxe4 dxc3 25. b3 Qb6+ 26. Kh1 Ne3 27. Rf3 Nxg4 28. hxg4 Bxe4 29. Qxe4 Nf2+ 30. Rxf2 Qxf2 31. Nxg6 hxg6 32. fxg6 Rd1+ 0-1

[Event "Hamburg-ch Seniors 21st"]
[Site "Hamburg"]
[Date "2014.11.03"]
[Round "6"]
[White "Krueger, Dietrich"]
[Black "Kronenthal, Linda"]
[Result "0-1"]
[WhiteElo "1021"]
[BlackElo "1360"]
[PlyCount "108"]
[EventDate "2014.10.29"]
[EventType "swiss"]
[EventRounds "9"]
[EventCountry "GER"]
[SourceTitle "EXT 2018"]
[Source "ChessBase"]
[SourceDate "2017.10.13"]
[SourceVersion "1"]
[SourceVersionDate "2017.10.13"]
[SourceQuality "1"]

1. d4 d5 2. Bf4 Bf5 3. e3 Nf6 4. Bd3 Bxd3 5. Qxd3 e6 6. Qb5+ Nbd7 7. Qxb7 Rb8 8. Qxa7 Rc8 9. Nc3 Nh5 10. Bg3 Nxg3 11. fxg3 c5 12. 0-0-0 Ra8 13. Qb7 Rb8 14. Qa6 c4 15. Nb5 Be7 16. Nd6+ Bxd6 17. Qxd6 Qe7 18. Qxe7+ Kxe7 19. Ne2 Ra8 20. Nc3 Rhb8 21. b3 Ra3 22. Kd2 Rc8 23. Rb1 Ra7 24. Rb2 Rb7 25. Rhb1 Rcb8 26. Kc1 Kd6 27. bxc4 Rxb2 28. Rxb2 Rxb2 29. Kxb2 dxc4 30. Ne4+ Ke7 31. Kc3 Nb6 32. Kb4 Nd5+ 33. Kxc4 Nxe3+ 34. Kb5 Nxc2 35. a4 Nxd4+ 36. Kb6 Kd7 37. a5 Kc8 38. a6 Kb8 39. Nd6 f5 40. Nb5 Nxb5 41. Kxb5 Ka7 42. Kc4 e5 43. Kd5 e4 44. Kd4 Kxa6 45. g4 g6 46. g5 Kb5 47. g3 Kb4 48. Ke3 Kc3 49. Ke2 Kc2 50. Ke1 Kd3 51. Kf2 e3+ 52. Kf1 Kd2 53. Kg2 e2 54. Kf2 e1Q+ 0-1

[Event "Hamburg-ch Seniors 21st"]
[Site "Hamburg"]
[Date "2014.10.31"]
[Round "4"]
[White "Kronenthal, Linda"]
[Black "Kibilka, Ulrich"]
[Result "1-0"]
[WhiteElo "1360"]
[BlackElo "1204"]
[PlyCount "33"]
[EventDate "2014.10.29"]
[EventType "swiss"]
[EventRounds "9"]
[EventCountry "GER"]
[SourceTitle "EXT 2018"]
[Source "ChessBase"]
[SourceDate "2017.10.13"]
[SourceVersion "1"]
[SourceVersionDate "2017.10.13"]
[SourceQuality "1"]

1. c4 Nf6 2. Nc3 d5 3. cxd5 Nxd5 4. Nxd5 Qxd5 5. Nf3 b6 6. g3 Bb7 7. Bg2 e6 8. 0-0 Be7 9. Nh4 0-0 10. Bxd5 Bxd5 11. Nf3 Nc6 12. d3 h6 13. Nd2 Na5 14. a3 Rad8 15. b4 Nb7 16. Qc2 Rfe8 17. e4 1-0

[Event "Hamburg-ch Seniors 21st"]
[Site "Hamburg"]
[Date "2014.10.30"]
[Round "3"]
[White "Schild, Andreas"]
[Black "Kronenthal, Linda"]
[Result "1-0"]
[WhiteElo "1645"]
[BlackElo "1360"]
[PlyCount "45"]
[EventDate "2014.10.29"]
[EventType "swiss"]
[EventRounds "9"]
[EventCountry "GER"]
[SourceTitle "EXT 2018"]
[Source "ChessBase"]
[SourceDate "2017.10.13"]
[SourceVersion "1"]
[SourceVersionDate "2017.10.13"]
[SourceQuality "1"]

1. e4 c5 2. Nc3 Nc6 3. g3 Nf6 4. Bg2 g6 5. f4 d6 6. Nf3 Bg7 7. d3 a6 8. 0-0 0-0 9. h3 e6 10. Be3 Qc7 11. g4 Rb8 12. Qe1 Qe7 13. Qg3 b5 14. Rae1 b4 15. Nd1 Bb7 16. h4 Bc8 17. Bh3 Ne8 18. g5 Qc7 19. Rf2 f5 20. h5 gxh5 21. Rh2 Qf7 22. Bg2 Nd4 23. Bxd4 1-0

[Event "Pinneberg op Seniors 15th"]
[Site "Pinneberg"]
[Date "2014.??.??"]
[Round "1"]
[White "Albers, Friedemann"]
[Black "Kronenthal, Linda"]
[Result "1-0"]
[WhiteElo "1878"]
[BlackElo "1339"]
[PlyCount "45"]
[EventDate "2014.07.03"]
[EventType "swiss"]
[EventRounds "7"]
[EventCountry "GER"]
[SourceTitle "EXT 2017"]
[Source "ChessBase"]
[SourceDate "2016.10.25"]
[SourceVersion "1"]
[SourceVersionDate "2016.10.25"]
[SourceQuality "1"]

1. d4 d5 2. e4 dxe4 3. Nc3 Nf6 4. f3 exf3 5. Nxf3 Bg4 6. Bb5+ c6 7. Bc4 e6 8. 0-0 Be7 9. Bg5 Nbd7 10. Qd3 0-0 11. Kh1 h6 12. Bh4 Bf5 13. Qe2 Nd5 14. Bxe7 Qxe7 15. Nxd5 cxd5 16. Bxd5 Nb6 17. Bb3 Rad8 18. Rad1 Rfe8 19. Rfe1 Kf8 20. c4 Bg4 21. Qe4 Bh5 22. d5 exd5 23. Qh7 1-0

[Event "Pinneberg-ch"]
[Site "Pinneberg"]
[Date "2014.??.??"]
[Round "4"]
[White "Kronenthal, Linda"]
[Black "Sagitow, Kamil"]
[Result "0-1"]
[WhiteElo "1348"]
[BlackElo "1410"]
[PlyCount "78"]
[EventDate "2014.08.21"]
[EventType "swiss"]
[EventRounds "7"]
[EventCountry "GER"]
[SourceTitle "EXT 2017"]
[Source "ChessBase"]
[SourceDate "2016.10.25"]
[SourceVersion "1"]
[SourceVersionDate "2016.10.25"]
[SourceQuality "1"]

1. c4 e5 2. Nc3 Nf6 3. g3 Be7 4. Bg2 c6 5. d3 d6 6. e3 Be6 7. Nge2 Na6 8. a3 Bg4 9. 0-0 0-0 10. b4 Qc8 11. Qc2 Rb8 12. Bb2 c5 13. bxc5 Nxc5 14. d4 Ncd7 15. Qd3 Bh5 16. Rac1 Bg6 17. Ne4 Qd8 18. Nxf6+ Bxf6 19. Be4 Bxe4 20. Qxe4 Re8 21. Qc2 Qa5 22. Bc3 Qa6 23. Qb3 b6 24. Qb5 Qb7 25. d5 Rbc8 26. Bb4 Be7 27. Qa4 a5 28. Bd2 Nc5 29. Qc2 e4 30. Rb1 Qc7 31. Nf4 Bd8 32. Bc3 Qe7 33. Nh5 f6 34. Nf4 Qf7 35. Bd4 Nd7 36. Ne6 Rxe6 37. dxe6 Qxe6 38. Rfc1 f5 39. Qb2 Qf7 0-1

[Event "Pinneberg op Seniors 15th"]
[Site "Pinneberg"]
[Date "2014.??.??"]
[Round "2"]
[White "Kronenthal, Linda"]
[Black "Wendel, Melchior"]
[Result "1-0"]
[WhiteElo "1339"]
[BlackElo "1115"]
[PlyCount "51"]
[EventDate "2014.07.03"]
[EventType "swiss"]
[EventRounds "7"]
[EventCountry "GER"]
[SourceTitle "EXT 2017"]
[Source "ChessBase"]
[SourceDate "2016.10.25"]
[SourceVersion "1"]
[SourceVersionDate "2016.10.25"]
[SourceQuality "1"]

1. d4 d5 2. c4 Nf6 3. cxd5 Nxd5 4. e4 Nf6 5. Nc3 e6 6. Bb5+ c6 7. Ba4 Be7 8. Nf3 0-0 9. 0-0 b5 10. Bb3 b4 11. e5 bxc3 12. exf6 Bxf6 13. bxc3 Ba6 14. Re1 Nd7 15. Bf4 c5 16. Rb1 c4 17. Bc2 Nb6 18. Be4 Rc8 19. Qc2 g6 20. h3 Nd5 21. Bxd5 Qxd5 22. Rb2 Bb7 23. Reb1 Rb8 24. Bxb8 Rxb8 25. Rb5 Qc6 26. Qb2 1-0

[Event "Hamburg Seniors-ch 20th"]
[Site "Hamburg"]
[Date "2013.11.07"]
[Round "9"]
[White "Kronenthal, Linda"]
[Black "Schulz, Hans"]
[Result "1/2-1/2"]
[WhiteElo "1319"]
[BlackElo "1408"]
[PlyCount "52"]
[EventDate "2013.10.30"]
[EventType "swiss"]
[EventRounds "9"]
[EventCountry "GER"]
[SourceTitle "EXT 2015"]
[Source "ChessBase"]
[SourceDate "2014.11.20"]
[SourceVersion "1"]
[SourceVersionDate "2014.11.20"]
[SourceQuality "1"]

1. c4 Nf6 2. d4 e6 3. Nc3 Bb4 4. Nf3 b6 5. Bg5 Bb7 6. e3 0-0 7. Be2 h6 8. Bxf6 Qxf6 9. 0-0 Nc6 10. Qc2 Qd8 11. a3 Be7 12. d5 exd5 13. cxd5 Nb8 14. e4 d6 15. Rfd1 Nd7 16. Rac1 a6 17. h3 Bf6 18. Nh2 Ne5 19. Nf3 Nxf3+ 20. Bxf3 Be5 21. Ne2 Rc8 22. Bg4 Qg5 23. Bxc8 Bxc8 24. Rd3 f5 25. Qd2 f4 26. Kf1 Kf7 1/2-1/2

[Event "Pinneberg-ch"]
[Site "Pinneberg"]
[Date "2013.08.29"]
[Round "4"]
[White "Niazi, Dariyusch"]
[Black "Kronenthal, Linda"]
[Result "1-0"]
[WhiteElo "1814"]
[BlackElo "1285"]
[PlyCount "69"]
[EventDate "2013.08.08"]
[EventType "swiss"]
[EventRounds "7"]
[EventCountry "GER"]
[SourceTitle "EXT 2017"]
[Source "ChessBase"]
[SourceDate "2016.10.25"]
[SourceVersion "1"]
[SourceVersionDate "2016.10.25"]
[SourceQuality "1"]

1. d4 Nf6 2. Nf3 g6 3. Nc3 Bg7 4. e4 d6 5. Bf4 0-0 6. Qd2 Nbd7 7. Bh6 e5 8. Bxg7 Kxg7 9. 0-0-0 exd4 10. Qxd4 Re8 11. e5 dxe5 12. Nxe5 c5 13. Qf4 Qc7 14. Nxg6 Qxf4+ 15. Nxf4 a6 16. Nfd5 Rb8 17. Nxf6 Nxf6 18. Be2 Be6 19. Bf3 Bg4 20. Bxg4 Nxg4 21. Rd7 Nf6 22. Rd2 Rbd8 23. Rhd1 Rxd2 24. Rxd2 Re1+ 25. Rd1 Rxd1+ 26. Nxd1 Kg6 27. Ne3 h5 28. Kd2 Ng4 29. Nxg4 hxg4 30. Ke3 f5 31. Kf4 b5 32. f3 gxf3 33. Kxf3 c4 34. a3 a5 35. c3 1-0

[Event "Pinneberg-ch"]
[Site "Pinneberg"]
[Date "2012.09.06"]
[Round "4"]
[White "Kronenthal, Linda"]
[Black "Metzner, Arne"]
[Result "1-0"]
[WhiteElo "1286"]
[BlackElo "1527"]
[PlyCount "81"]
[EventDate "2012.08.16"]
[EventType "swiss"]
[EventRounds "7"]
[EventCountry "GER"]
[SourceTitle "EXT 2013"]
[Source "ChessBase"]
[SourceDate "2012.11.22"]
[SourceVersion "1"]
[SourceVersionDate "2012.11.22"]
[SourceQuality "1"]

1. c4 e5 2. Nc3 Nf6 3. Nf3 Nc6 4. g3 d6 5. Bg2 h6 6. 0-0 Be7 7. d3 Bg4 8. a3 0-0 9. b4 a6 10. Bb2 Qd7 11. Rc1 Bh3 12. Nd5 Bxg2 13. Nxf6+ Bxf6 14. Kxg2 Ne7 15. Qc2 Ng6 16. d4 Rae8 17. e4 Qg4 18. Qd1 Qxe4 19. Re1 Qf5 20. Rc2 e4 21. Ng1 c6 22. Rce2 d5 23. c5 Bd8 24. Qc2 Qg4 25. Kh1 Qd7 26. Bc1 h5 27. Be3 h4 28. Qd2 h3 29. Bg5 f6 30. Bf4 Qg4 31. f3 Qf5 32. Bd6 Rf7 33. g4 Qc8 34. fxe4 Qxg4 35. exd5 Rxe2 36. Qxe2 Qxe2 37. Rxe2 Be7 38. Bxe7 Rxe7 39. Rxe7 Nxe7 40. d6 Kf7 41. d7 1-0

[Event "Pinneberg-ch"]
[Site "Pinneberg"]
[Date "2012.08.30"]
[Round "3"]
[White "Schaefer, Hans"]
[Black "Kronenthal, Linda"]
[Result "0-1"]
[WhiteElo "1069"]
[BlackElo "1286"]
[PlyCount "72"]
[EventDate "2012.08.16"]
[EventType "swiss"]
[EventRounds "7"]
[EventCountry "GER"]
[SourceTitle "EXT 2013"]
[Source "ChessBase"]
[SourceDate "2012.11.22"]
[SourceVersion "1"]
[SourceVersionDate "2012.11.22"]
[SourceQuality "1"]

1. d4 Nf6 2. e3 g6 3. Nf3 Bg7 4. c4 d6 5. Be2 0-0 6. 0-0 Bg4 7. h3 Bd7 8. Nc3 c5 9. d5 a6 10. e4 Ne8 11. Qc2 Nc7 12. Bf4 b5 13. Rab1 bxc4 14. Bxc4 Nb5 15. Qd2 Qe8 16. Bh6 Nxc3 17. Bxg7 Kxg7 18. Qxc3+ Kg8 19. b3 a5 20. a4 Qd8 21. g4 Re8 22. Bb5 Bxb5 23. axb5 Nd7 24. Kg2 e5 25. dxe6 Rxe6 26. Qc4 Qe7 27. Rfe1 Ne5 28. Qd5 Rb8 29. Nxe5 dxe5 30. Kg3 Rxb5 31. f3 Rd6 32. Qc4 Qd7 33. Qc1 Rd4 34. Rb2 Qe7 35. Rd2 Qd7 36. Kg2 Rxd2+ 0-1

[Event "Pinneberg-ch"]
[Site "Pinneberg"]
[Date "2012.08.23"]
[Round "2"]
[White "Kronenthal, Linda"]
[Black "Joppe, Gerd"]
[Result "0-1"]
[WhiteElo "1286"]
[BlackElo "1702"]
[PlyCount "76"]
[EventDate "2012.08.16"]
[EventType "swiss"]
[EventRounds "7"]
[EventCountry "GER"]
[SourceTitle "EXT 2013"]
[Source "ChessBase"]
[SourceDate "2012.11.22"]
[SourceVersion "1"]
[SourceVersionDate "2012.11.22"]
[SourceQuality "1"]

1. c4 Nf6 2. Nf3 c6 3. Nc3 d5 4. cxd5 cxd5 5. d4 Nc6 6. Bg5 h6 7. Bd2 e6 8. e3 Bd6 9. a3 Qe7 10. Bb5 0-0 11. Bxc6 bxc6 12. b4 a5 13. 0-0 Ba6 14. Re1 axb4 15. axb4 Bxb4 16. Na4 Bxd2 17. Qxd2 Ne4 18. Qc2 Bc4 19. Ne5 Bb5 20. f3 Ng5 21. Nxc6 Qf6 22. Ne5 Rfc8 23. Nc5 Rxa1 24. Rxa1 Qe7 25. Ra5 Be8 26. Qb2 f6 27. Ned3 Nf7 28. Ra6 e5 29. Re6 Qa7 30. Ra6 Qe7 31. Re6 Qc7 32. Na6 Qa5 33. Nac5 Ra8 34. Kf2 Ng5 35. Nb7 Qa4 36. Ndc5 Qd1 37. Qb3 Qd2+ 38. Kg3 Nxe6 0-1

[Event "Pinneberg-ch"]
[Site "Pinneberg"]
[Date "2012.08.16"]
[Round "1"]
[White "Wanke, Andreas"]
[Black "Kronenthal, Linda"]
[Result "1-0"]
[WhiteElo "1849"]
[BlackElo "1286"]
[PlyCount "53"]
[EventDate "2012.08.16"]
[EventType "swiss"]
[EventRounds "7"]
[EventCountry "GER"]
[SourceTitle "EXT 2013"]
[Source "ChessBase"]
[SourceDate "2012.11.22"]
[SourceVersion "1"]
[SourceVersionDate "2012.11.22"]
[SourceQuality "1"]

1. e4 d5 2. exd5 Qxd5 3. Nc3 Qa5 4. Bc4 Nf6 5. h3 e6 6. Nf3 Be7 7. 0-0 0-0 8. Re1 c6 9. d3 Nbd7 10. Bf4 Nd5 11. Bd2 Qd8 12. a3 h6 13. Ba2 Bd6 14. Ne4 Bc7 15. c4 N5f6 16. Qc2 c5 17. Rad1 Qe7 18. d4 Nxe4 19. Rxe4 b6 20. Bb1 Bb7 21. d5 f5 22. Rxe6 Qf7 23. Nh4 Nf6 24. Nxf5 Rae8 25. Rde1 Bd8 26. Bxh6 Ba8 27. Nxg7 1-0